SPA - Gims ft. Théodora paroles - Statistiques

Statistiques générales
  • Ce quiz a été pris 72 fois
  • Le résultat moyen est 152 sur 351
Statistiques - réponses
Réponse % Correct
à
90%
je
90%
la
85%
là,
85%
belle,
81%
Fatima
79%
latina,
79%
Latina,
79%
latina
79%
que
79%
jeune,
77%
tout
77%
va
77%
un
75%
Africa
73%
le
73%
de
69%
Nord
67%
l’monde
65%
spa,
63%
Moi
56%
moi
56%
moi,
56%
moi)
56%
mon
54%
hammam,
50%
j’suis
50%
se
50%
du
48%
ce
46%
on
46%
c’est
44%
genre
44%
avec
42%
j’arrive
42%
Oman
42%
Omen
42%
paranormal
42%
tu
42%
infernal
40%
j’fais
40%
ter-ma
40%
train
40%
pour
38%
abusé
35%
d’vie
35%
ouais,
35%
peu
35%
une
35%
veux,
35%
veux
35%
combo
33%
dites
33%
d’retard
33%
gaga
33%
(gaga)
33%
hammam-mam
33%
j’l’ammène
33%
l’combo
33%
Miss
33%
(Miss
33%
plus
33%
possédé,
33%
prends
33%
sexy
33%
sexy,
33%
dès
31%
des
31%
elle
31%
Kitoko
31%
Kitoko)
31%
puis
31%
s’embrouiller
31%
big
29%
et
29%
go),
29%
go)
29%
Paname-name
29%
papa
29%
réconcilier
29%
sauna,
29%
bousillé,
27%
il
27%
mais
27%
mini
27%
(mini
27%
si
27%
beau,
25%
black
25%
demande
25%
est
25%
gorgonzola
25%
j’sors
25%
même
25%
même-même
25%
trop
25%
(yah,
25%
yah,
25%
yah)
25%
(ah
23%
ah
23%
Bottega
23%
(Bottega)
23%
ça
23%
incontrôlable,
23%
lui,
23%
maximum
23%
paparazzi
23%
peine
23%
quand
23%
aller-retour
21%
Beats
21%
beauté
21%
bon ?)
21%
bon ?),
21%
bon ?
21%
fait
21%
inconsolable
21%
j’lui
21%
rappeur,
21%
boude,
19%
chiffres
19%
concert
19%
dans
19%
gyal,
19%
inter’,
19%
Lady Gagaga
19%
l’style
19%
m’dérange,
19%
mets-moi
19%
minimum
19%
(minimum,
19%
minimum)
19%
nana
19%
propose
19%
restau’
19%
six
19%
Africana
17%
coma-ma
17%
comment
17%
Kim K’
17%
(bébé,
15%
bébé)
15%
bien
15%
donc
15%
mama ?
15%
mama
15%
mama,
15%
pas :
15%
qu’j’arrive,
15%
sans
15%
sauvage
15%
faute
13%
j’dis
13%
jolie
13%
j’tombe
13%
(let’s
13%
matina-na-nale
13%
mmh,
13%
mmh
13%
m’rend
13%
« nanana »
13%
sur
13%
incontournable
10%
oh,
10%
oh
10%
Phantom
10%
t’as
10%
eh,
8%
(Gagagaga)
8%
m’emmènes,
8%
badaboum,
6%
bébés
6%
elebabebabebo
6%
dance,
4%
(Lady-di)
4%
Aucun quiz correspondant
Distribution des résultats
% des personnes avec chaque résultat
Percentile par nombre de réponses
Votre historique - résultats
Vous n’avez pas pris ce quiz